• 首页
  • 本馆介绍
  • 公告通知
  • 最新文献
  • 馆藏检索
  • 电子资源
  • 读者导购
  • 参考咨询
  • 我的图书馆
  • 登录
  • 详细信息显示
  • 放入我的书架
  • 预约/预借图书
  • 作者相关作品
  • 分类相关作品
  • 丛书相关作品
  • 出版社相关作品

书目信息

  • 表格格式
  • 工作单格式
  • 卡片格式
题名:
关于新四军
    
 
作者: 童志强 著
分册:  
出版信息: 上海   上海科学技术文献出版社  2005
页数: 10,435页
开本: 24cm
丛书名:
单 册:
中图分类: E297.3
科图分类:
主题词:
电子资源:
ISBN: 7-5439-2630-X
000 00746nam0 2200229 450
001 002982695
005 20061107110528.71
010    @a7-5439-2630-X@dCNY38.00
100    @a20050119d2005 em y0chiy0110 ea
101 0  @achi
102    @aCN@b310000
105    @ay z 000yd
200 1  @a关于新四军@9guan yu xin si jun@f童志强著
210    @a上海@c上海科学技术文献出版社@d2005
215    @a10,435页@d24cm
330    @a本书分考证、人物研究、纵论、皖南事变研究4大部分,内容涉及新四军诞生的历史背景、重要历史人物和历史事件的功过评价,以及对皖南事变全方位、多角度的研究探讨。
601 02 @a新四军@x研究
601 02 @a新四军
690    @aE297.3@v4
701  0 @a童志强@9tong zhi qiang@4著
801  0 @aCN@bNLC@c20061107
905    @a10447@dE297.3@e54
    
    关于新四军/童志强著.-上海:上海科学技术文献出版社,2005
    10,435页;24cm
    
    
    ISBN 7-5439-2630-X:CNY38.00
    本书分考证、人物研究、纵论、皖南事变研究4大部分,内容涉及新四军诞生的历史背景、重要历史人物和历史事件的功过评价,以及对皖南事变全方位、多角度的研究探讨。
●
相关链接 在E读中查询图书 在五车中查询图书 在当当中查询图书 在豆瓣中查询图书


正题名:关于新四军     索取号:E297.3/54         预约/预借

序号 登录号 条形码 馆藏地/架位号 状态 备注
1 0382103   203821034   第一样本阅览室/ [索取号:E297.3/54] 在馆    
2 0382104   203821043   第一借阅区/ [索取号:E297.3/54] 在馆    
3 0382105   203821052   第一借阅区/ [索取号:E297.3/54] 在馆    
4 0382106   203821061   第一借阅区/ [索取号:E297.3/54] 在馆    
5 0382107   203821070   第一借阅区/ [索取号:E297.3/54] 在馆    
唐山师范学院图书馆 欢迎您!
大连网信软件有限公司© 版权所有